thoroughfare - ethel cain - Statistics

General Stats
  • This quiz has been taken 57 times
  • The average score is 441 of 472
Answer Stats
Answer % Correct
a
100%
and
100%
do
100%
(do
100%
he
100%
i
100%
(i
100%
in
100%
it
100%
it)
100%
it"
100%
love
100%
no
100%
of
100%
on
100%
see
100%
the
100%
to
100%
we
100%
when
100%
where
100%
with
100%
you
100%
"baby
98%
baby
98%
be"
98%
be
98%
but
98%
by
98%
fell
98%
for
98%
go
98%
had
98%
ill
98%
me
98%
me)
98%
met
98%
my
98%
old
98%
one
98%
out
98%
said
98%
so
98%
there
98%
were
98%
your
98%
all
95%
america
95%
at
95%
cant
95%
its
95%
"its
95%
knew
95%
leave
95%
left
95%
that
95%
thoroughfare
95%
truck
95%
twelve
95%
up
95%
was
95%
west
95%
who
95%
years
95%
cause
93%
come
93%
dad
93%
didnt
93%
ever
93%
first
93%
"hey
93%
"honey
93%
if
93%
look
93%
loves
93%
meant
93%
mother
93%
much
93%
much)
93%
need"
93%
never
93%
pocket
93%
some
93%
sure
93%
texas
93%
then
93%
wanna
93%
what
93%
angry
91%
anywhere"
91%
been
91%
california
91%
child
91%
clothes
91%
could
91%
dont
91%
florida
91%
hopped
91%
loved
91%
man
91%
motel
91%
pistol
91%
run
91%
since
91%
started
91%
these
91%
time
91%
trust
91%
wasnt
91%
youre
91%
damn
89%
deep
89%
diner
89%
finally
89%
got
89%
just
89%
least
89%
long
89%
not
89%
right
89%
road
89%
rooms
89%
saw
89%
side
89%
somewhere
89%
take
89%
torn
89%
differently
86%
doubt
86%
every
86%
find
86%
im
86%
know
86%
made
86%
now
86%
oh
86%
(oh)
86%
once
86%
seventeen
86%
small
86%
this
86%
town
86%
walking
86%
"well
86%
beats
84%
faces
84%
get
84%
headin"
84%
maybe
84%
might
84%
our
84%
southern
84%
sweet
84%
western
84%
call
82%
far
82%
into
82%
off
82%
stared
82%
chasin
80%
day
80%
"end
80%
found
80%
line
80%
luck
80%
or
80%
reached
80%
twice
80%
without
80%
after
77%
is
77%
sunshine
77%
turned
77%
wet
77%
lover
75%
night
75%
only
75%
place
75%
lost
73%
spend
73%
coast
70%
dumb
70%
id
70%
think
70%
edge
68%
heaven
68%
pickup
68%
still
66%
yourself
66%
sweatin
64%
pressed
61%
driving
59%
air
52%
yet
50%
outta
45%
hot
43%
yeah
43%
(nothing
30%
No matching quizzes found
Score Distribution
Percent of People with Each Score
Percentile by Number Answered
Your Score History
You have not taken this quiz